000 00887 a2200205 4500
999 _c987
_d987
020 _a9780702194627 (pbk.)
050 0 0 _aHC905.Z9 GRE 2012
100 _aSAICA
110 _aSouth African Institute of Chartered Accountants
245 0 0 _aGreen II :
_bwhy corporate leaders need to embrace sustainability to ensure future profitability.
264 1 _aBruma Lake [South Africa] :
_bSAICA ;
_aClaremont [South Africa] :
_bJuta,
_c2012.
300 _axxv, 372 pages :
_bcolor illustrations, maps ;
500 _aIncludes Index
504 _aIncludes bibliographical references (pages 355-372) and index.
650 0 _aSustainability
650 0 _aSocial responsibility of business
856 4 1 _3Table of contents only
_uhttp://www.loc.gov/catdir/toc/fy14pdf02/2012526459.html
942 _2lcc
_cBK
_h905.Z9
_iGRE
_kHC